vufinder Bibliothèque Municipale de Charleval de Provence
Se connecter

Celui qui ment le premier

Book Cover
Auteur principal: Ashley Elston
D'autres auteurs: Laure Manceau
Support: Livres
Langue: Francais
Publié: DL 2025 Actes Sud Arles
Genre: Roman Policier
Collection: Actes noirs
Sujets:
Étiquettes: Ajouter
Pas de Tags !

LEADER 01470nam0a2200217 450
001 16847437
010 |a 978-2-330-20880-6  |b br.  |d 22,8 € 
100 |a 20250728d2026 u u0frey01 ba 
101 1 |a fre  |c eng 
102 |a FR 
200 0 |a Celui qui ment le premier  |f Ashley Elston  |g roman traduit de l'anglais (Etats-Unis) par Laure Manceau 
207 1 |a   
210 |a Arles  |b 43-47 Rue du docteur Fanton. - Passage du Méjan  |c Actes Sud  |d DL 2025 
215 |a 1 vol. (395 p.)  |d 22 cm 
225 1 |a Actes noirs 
330 |a Evie Porter a tout pour elle. Une belle maison, un petit ami parfait, des amis sophistiqués. Une vie de rêve. Seulement, Evie Porter n existe pas. Son identité a été inventée de toutes pièces par son mystérieux patron, Mr. Smith. Sa mission : s infiltrer dans la vie de Ryan Sumner et attendre de nouveaux ordres. Mais lorsqu une femme se présente un jour sous sa véritable identité son secret le mieux gardé , tout bascule. Qui manipule qui, finalement ? Serait-ce en réalité Evie, la cible ? D une précision chirurgicale, Ashley Elston manipule brillamment son lecteur dans ce thriller d espionnage revisité où faux-semblants et trahisons s entrelacent pour un dénouement aussi surprenant qu implacable. 
700 0 |a Elston  |b Ashley  |4 70 
702 0 |a Manceau  |b Laure  |4 730 
900 |a Roman Policier 
901 |a Accessible au prêt 
995 |a Bibliothèque  |c Bibliothèque  |f 024025883  |h 024025883  |k RP ELS  |o p  |q a  |r az  |e Bibliothèque 

Options de recherche

Historique de recherche
Recherche avancée

Trouver plus

Nouveautés

Besoin d'aide ?

Contacter un bibliothécaire